| 000 | 00438nam a2200193Ia 4500 | ||
|---|---|---|---|
| 008 | 210210b1811 xxu||||| |||| 00| 0 eng d | ||
| 041 | _aeng | ||
| 082 | _a828/714 | ||
| 100 | _aLONGMAN HURST BEES ORME BROWNS | ||
| 245 | _aBiographie modern Vol II | ||
| 260 |
_aLondon _bLongmans _c1811 |
||
| 440 | _aII | ||
| 650 | _aVol | ||
| 650 | _amodern | ||
| 650 | _aII | ||
| 650 | _aBiographie | ||
| 690 | _aBiography | ||
| 906 | _a016560 | ||
| 999 |
_c136147 _d136147 |
||